| 000 | 00367nam a2200133 i 4500 | ||
|---|---|---|---|
| 001 | bg | ||
| 100 | 1 | _aLIMANN, Otto | |
| 245 | 0 |
_aElektronika bez wielkich problemów : _bwprowadzenie do układów elektroniki przemysłowej / _cOtto Limann. |
|
| 260 |
_aWarszawa, _c1976. |
||
| 040 | _cBPK | ||
| 041 | _apol | ||
| 942 | _cKS | ||
| 008 | s pl f |000 0 pol | ||
| 999 |
_c17179 _d17179 |
||
| 856 |
_uhttp://koha.tu.koszalin.pl/cgi-bin/koha/opac-detail.pl?biblionumber=17179 _yKatalog online BPK |
||